00477nmm a2200157Ia 4500008004100000020001800041041000800059100002600067245005700093264005600150300001800206650002000224856005100244942000700295999001700302251105s9999||||xx |||||||||||||||||und|| a9788415759560 aspa aPlazaola Artola, Juan 0aModelos y teorías de la historia del arte (4a ed.) a[Madrid, España] :bUniversidad de Deusto, c2015 a128 páginas aArts in general uhttps://public.digitaliapublishing.com/a/37409 cCF c77033d77033